MCSE Windows 2000 network infrastructure administration : Study guide
This book is an excellent adjunct for any serious test taker; Microsoft's wise move of adding MCSE sample questions has made the decision to buy this book a lot easier. It also has some classic sections on addressing and name resolution. But for most students this book will be read in addition...
Bewaard in:
| Hoofdauteur: | |
|---|---|
| Formaat: | Boek |
| Taal: | Undetermined |
| Gepubliceerd in: |
San Francisco, CA
Sybex
2001
|
| Onderwerpen: | |
| Tags: |
Voeg label toe
Geen labels, Wees de eerste die dit record labelt!
|
| Thư viện lưu trữ: | Trung tâm Học liệu Trường Đại học Cần Thơ |
|---|
| LEADER | 00997nam a2200217Ia 4500 | ||
|---|---|---|---|
| 001 | CTU_157661 | ||
| 008 | 210402s9999 xx 000 0 und d | ||
| 020 | |c 39.99 | ||
| 082 | |a 005.43769 | ||
| 082 | |b R654 | ||
| 100 | |a Robichaux, Paul E. | ||
| 245 | 0 | |a MCSE Windows 2000 network infrastructure administration : | |
| 245 | 0 | |b Study guide | |
| 245 | 0 | |c Paul Robichaux, with James Chellis | |
| 260 | |a San Francisco, CA | ||
| 260 | |b Sybex | ||
| 260 | |c 2001 | ||
| 520 | |a This book is an excellent adjunct for any serious test taker; Microsoft's wise move of adding MCSE sample questions has made the decision to buy this book a lot easier. It also has some classic sections on addressing and name resolution. But for most students this book will be read in addition to other books; it won't be a primary source. --William Steinmetz | ||
| 650 | |a Electronic data processing personnel,Microsoft software | ||
| 650 | |x Examinations | ||
| 980 | |a Trung tâm Học liệu Trường Đại học Cần Thơ | ||